[Event "Reykjavik op"]
[Site "Reykjavik"]
[Date "2025.04.15"]
[Round "9"]
[White "James, Christopher"]
[Black "Kukushkin, Ivan"]
[Result "0-1"]
[WhiteElo "1895"]
[BlackElo "2030"]
[PlyCount "74"]
[EventDate "2025.04.09"]
[EventType "swiss"]
[EventRounds "9"]
[EventCountry "ISL"]
[SourceTitle "CB17_2025"]
[SourceDate "2025.04.23"]
[SourceVersion "1"]
[SourceVersionDate "2025.04.23"]
[SourceQuality "1"]

1. e4 c5 2. c4 e5 3. Nc3 d6 4. g3 g6 5. Bg2 Bg7 6. Nge2 Ne7 7. 0-0 0-0 8. d3 Nbc6 9. a3 f5 10. f4 fxe4 11. dxe4 Nd4 12. Nxd4 cxd4 13. Nd5 Nxd5 14. cxd5 Bd7 15. a4 Rc8 16. Bd2 Qb6 17. a5 Qb5 18. Rf3 Qxb2 19. Rb3 Qc2 20. Rxb7 Qxd1+ 21. Rxd1 Bg4 22. Rdb1 Rc2 23. R1b2 Rxb2 24. Rxb2 exf4 25. Bxf4 d3 26. Rd2 Be2 27. e5 g5 28. Be3 Bxe5 29. Be4 Bc3 30. Ra2 Re8 31. Bxh7+ Kxh7 32. Bxg5 Re5 33. h4 Rxd5 34. Kf2 Bxa5 35. Bd2 Bb6+ 36. Ke1 Rb5 37. Ra1 Bg4 0-1

[Event "Bratislava exe op 2nd"]
[Site "Bratislava"]
[Date "2024.09.15"]
[Round "2"]
[White "James, Christopher"]
[Black "Jencik, Jozef"]
[Result "1-0"]
[WhiteElo "1908"]
[BlackElo "1756"]
[PlyCount "49"]
[EventDate "2024.09.14"]
[EventType "swiss"]
[EventRounds "9"]
[EventCountry "SVK"]
[SourceTitle "EXT 2025"]
[Source "ChessBase"]
[SourceDate "2024.10.14"]
[SourceVersion "1"]
[SourceVersionDate "2024.10.14"]
[SourceQuality "1"]

1. e4 e5 2. f4 exf4 3. Bc4 Qh4+ 4. Kf1 Nf6 5. Nf3 Qh5 6. Qe1 Be7 7. d4 0-0 8. Nc3 Bb4 9. e5 d5 10. exf6 dxc4 11. fxg7 Rd8 12. Bxf4 Na6 13. Qe5 Bg4 14. Ne4 Qxe5 15. Bxe5 Be7 16. c3 Bxf3 17. gxf3 c5 18. Rg1 b5 19. Bf6 Rd6 20. Bxe7 Rg6 21. Rxg6 fxg6 22. Bf8 cxd4 23. Nf6+ Kf7 24. g8Q+ Kxf6 25. Bg7+ 1-0

[Event "Pula op 35th"]
[Site "Pula"]
[Date "2023.06.17"]
[Round "1"]
[White "Ladron de Guevara Pinto, Paolo"]
[Black "James, Christopher"]
[Result "1-0"]
[WhiteElo "2404"]
[BlackElo "1865"]
[PlyCount "71"]
[EventDate "2023.06.17"]
[EventType "swiss"]
[EventRounds "9"]
[EventCountry "CRO"]
[SourceTitle "CBM 214 Extra"]
[Source "ChessBase"]
[SourceDate "2023.07.31"]
[SourceVersion "1"]
[SourceVersionDate "2023.07.31"]
[SourceQuality "1"]

1. e4 e6 2. d4 d5 3. Nc3 Nc6 4. e5 f6 5. Nf3 fxe5 6. dxe5 Bb4 7. a3 Bxc3+ 8. bxc3 Nge7 9. Bd3 b6 10. 0-0 Bb7 11. Ng5 Qd7 12. Re1 Ng6 13. Qh5 0-0-0 14. Nxe6 Rde8 15. Nd4 Nxd4 16. cxd4 Ne7 17. Bg5 Kb8 18. Bxe7 Qxe7 19. f4 g6 20. Qf3 Rhf8 21. Rf1 Qd7 22. a4 a5 23. c3 Qe6 24. g4 h5 25. gxh5 gxh5 26. f5 Qg8+ 27. Kh1 h4 28. f6 h3 29. Rg1 Qh8 30. Rg3 Qh6 31. Rd1 Rxe5 32. dxe5 d4 33. Be4 dxc3 34. Bxb7 c2 35. Rgg1 cxd1Q 36. Rxd1 1-0

[Event "Enniscrone Sligo Spring op"]
[Site "Enniscrone"]
[Date "2023.02.05"]
[Round "4"]
[White "James, Christopher"]
[Black "Morriss, Pete R"]
[Result "0-1"]
[WhiteElo "1877"]
[BlackElo "2008"]
[PlyCount "60"]
[EventDate "2023.02.03"]
[EventType "swiss"]
[EventRounds "5"]
[EventCountry "IRL"]
[SourceTitle "CBM 212 Extra"]
[Source "ChessBase"]
[SourceDate "2023.03.31"]
[SourceVersion "1"]
[SourceVersionDate "2023.03.31"]
[SourceQuality "1"]

1. e4 c6 2. d4 d5 3. f3 e6 4. Nc3 Bb4 5. Nge2 dxe4 6. fxe4 Nf6 7. a3 Be7 8. Ng3 Qc7 9. Be3 e5 10. Bc4 exd4 11. Bxd4 Nbd7 12. 0-0 Ne5 13. Ba2 0-0 14. Nf5 Bxf5 15. Rxf5 Neg4 16. e5 Rad8 17. h3 Nh6 18. Rxf6 gxf6 19. Ne4 fxe5 20. Qh5 Rxd4 21. Ng5 Qd6 22. Rf1 Bxg5 23. Qxg5+ Qg6 24. Qxe5 Rd2 25. g4 Nxg4 26. Bxf7+ Rxf7 27. Qb8+ Kg7 28. Rxf7+ Qxf7 29. hxg4 Qf2+ 30. Kh1 Rd1# 0-1

[Event "Enniscrone Sligo Spring op"]
[Site "Enniscrone"]
[Date "2023.02.04"]
[Round "3"]
[White "Mallaghan, Daniel"]
[Black "James, Christopher"]
[Result "0-1"]
[WhiteElo "1967"]
[BlackElo "1877"]
[PlyCount "46"]
[EventDate "2023.02.03"]
[EventType "swiss"]
[EventRounds "5"]
[EventCountry "IRL"]
[SourceTitle "CBM 212 Extra"]
[Source "ChessBase"]
[SourceDate "2023.03.31"]
[SourceVersion "1"]
[SourceVersionDate "2023.03.31"]
[SourceQuality "1"]

1. e4 e5 2. Nf3 f5 3. Nc3 Nf6 4. d3 Nc6 5. Bg5 Bb4 6. a3 Bxc3+ 7. bxc3 fxe4 8. dxe4 d6 9. Bc4 Qe7 10. Rb1 Na5 11. Be2 Be6 12. 0-0 0-0 13. Nh4 b6 14. f4 Nc4 15. Bxc4 Bxc4 16. Nf5 Qe6 17. Bxf6 Rxf6 18. Rf3 exf4 19. Rxf4 Raf8 20. Rh4 g6 21. Qg4 Kh8 22. Qh3 R6f7 23. Ng3 Qf6 0-1

[Event "Leamington Spa 4NCL op 26th"]
[Site "Leamington Spa"]
[Date "2021.09.11"]
[Round "2"]
[White "Holt, Philip J"]
[Black "James, Christopher"]
[Result "0-1"]
[WhiteElo "2207"]
[BlackElo "1868"]
[PlyCount "89"]
[EventDate "2021.09.10"]
[EventType "swiss"]
[EventRounds "5"]
[EventCountry "ENG"]
[SourceTitle "CBM 204 Extra"]
[Source "ChessBase"]
[SourceDate "2021.11.30"]
[SourceVersion "1"]
[SourceVersionDate "2021.11.30"]
[SourceQuality "1"]

1. Nf3 g6 2. g3 Bg7 3. Bg2 d6 4. 0-0 f5 5. d4 Nf6 6. c4 0-0 7. Nc3 Nc6 8. d5 Ne5 9. Nd2 a6 10. Qc2 Rb8 11. a4 e6 12. h3 c6 13. a5 b5 14. axb6 Nxc4 15. dxc6 Nxb6 16. Na4 Qc7 17. Nxb6 Rxb6 18. Nb3 d5 19. Na5 Ne4 20. Ra2 Bd7 21. Bf4 e5 22. Be3 Rb5 23. Bxe4 fxe4 24. Bc5 Rd8 25. Rfa1 Bxh3 26. Nb7 Bf8 27. Bxf8 Rxf8 28. Rxa6 Qf7 29. Kh2 Bc8 30. Rf1 Bxb7 31. cxb7 Qxb7 32. Rc6 Rxb2 33. Qc5 Rb5 34. Qd6 d4 35. Kg2 e3 36. f3 Rf7 37. Rfc1 Qe7 38. Rc8+ Kg7 39. Qc6 Rb2 40. Qa6 e4 41. Rf1 d3 42. Qa1 Qf6 43. fxe4 Qxf1+ 44. Qxf1 Rxf1 45. Kxf1 0-1

[Event "Leamington Spa 4NCL op 26th"]
[Site "Leamington Spa"]
[Date "2021.09.10"]
[Round "1"]
[White "James, Christopher"]
[Black "Villiers, Thomas"]
[Result "0-1"]
[WhiteElo "1868"]
[BlackElo "2214"]
[PlyCount "84"]
[EventDate "2021.09.10"]
[EventType "swiss"]
[EventRounds "5"]
[EventCountry "ENG"]
[SourceTitle "CBM 204 Extra"]
[Source "ChessBase"]
[SourceDate "2021.11.30"]
[SourceVersion "1"]
[SourceVersionDate "2021.11.30"]
[SourceQuality "1"]

1. e4 c6 2. d4 d5 3. f3 Qb6 4. Nc3 Nf6 5. Nge2 dxe4 6. fxe4 e5 7. Be3 Bb4 8. Qd3 Qa5 9. h3 Be6 10. Kf2 Nbd7 11. g3 exd4 12. Bxd4 Ne5 13. Bxe5 Qxe5 14. Rd1 0-0 15. Bg2 Bc5+ 16. Ke1 Bb6 17. Rd2 Rad8 18. Qf3 Qa5 19. a3 Nd7 20. Nf4 Ne5 21. Qe2 Bc4 22. Nd3 Bd4 23. Nd1 Qc7 24. N1f2 Bxb2 25. Kf1 Bxa3 26. Kg1 Bc5 27. Kh2 Bxf2 28. Qxf2 Bxd3 29. cxd3 Nxd3 30. Qxa7 Nf4 31. Rb2 Nxg2 32. Kxg2 Qe5 33. Rhb1 Rd3 34. Qf2 Qxe4+ 35. Kh2 b5 36. h4 Rfd8 37. Rf1 Qd5 38. Rc1 Rd2 39. Rxd2 Qxd2 40. Qxd2 Rxd2+ 41. Kh3 Rd6 42. Ra1 h5 0-1

[Event "Wakefield 4NCL op 13th"]
[Site "Wakefield"]
[Date "2017.04.09"]
[Round "4"]
[White "James, Christopher"]
[Black "Moore, Gerald C"]
[Result "1/2-1/2"]
[WhiteElo "1866"]
[BlackElo "2057"]
[PlyCount "35"]
[EventDate "2017.04.07"]
[EventType "swiss"]
[EventRounds "5"]
[EventCountry "ENG"]
[SourceTitle "CBM 177 Extra"]
[Source "ChessBase"]
[SourceDate "2017.04.27"]
[SourceVersion "1"]
[SourceVersionDate "2017.04.27"]
[SourceQuality "1"]

1. e4 g6 2. d4 Bg7 3. Nf3 d6 4. Bc4 c6 5. 0-0 d5 6. exd5 cxd5 7. Bd3 Nf6 8. Re1 0-0 9. Nbd2 Nc6 10. c3 Bf5 11. Qc2 e6 12. Nh4 Bxd3 13. Qxd3 Ne8 14. Ndf3 Nd6 15. Ng5 h6 16. Nxg6 hxg5 17. Nxf8 Kxf8 18. b3 1/2-1/2

[Event "Edinburgh Premier"]
[Site "Edinburgh"]
[Date "2016.04.10"]
[Round "5.7"]
[White "Abdulla, Murad"]
[Black "James, Christopher"]
[Result "1/2-1/2"]
[WhiteElo "2065"]
[BlackElo "1828"]
[PlyCount "92"]
[EventDate "2016.04.08"]
[EventType "swiss"]
[EventRounds "5"]
[EventCountry "SCO"]
[SourceTitle "EXT 2023"]
[Source "ChessBase"]
[SourceDate "2022.10.05"]
[SourceVersion "1"]
[SourceVersionDate "2022.10.05"]
[SourceQuality "1"]

1. e4 d5 2. exd5 Nf6 3. Nf3 Bg4 4. Be2 Qxd5 5. d4 Nc6 6. c3 0-0-0 7. 0-0 e5 8. Be3 e4 9. Nfd2 Bxe2 10. Qxe2 Qf5 11. Nc4 Bd6 12. Nxd6+ Rxd6 13. Nd2 Ng4 14. f3 Nxe3 15. Qxe3 exf3 16. Nxf3 Qd7 17. Ne5 Nxe5 18. Qxe5 f6 19. Qg3 Re8 20. Rae1 Rde6 21. h3 Rxe1 22. Rxe1 Rxe1+ 23. Qxe1 c6 24. Qe4 g6 25. b3 Kc7 26. Kf2 f5 27. Qf4+ Qd6 28. Kf3 Kd7 29. c4 a5 30. Qh4 Qe7 31. Qf4 Qd6 32. Qd2 a4 33. Qe3 axb3 34. axb3 Qe6 35. Qd3 Qd6 36. g3 Ke6 37. h4 Kf6 38. Qc3 Ke6 39. b4 b5 40. cxb5 Qd5+ 41. Kf2 cxb5 42. Qc5 Qa2+ 43. Kg1 Qb1+ 44. Kh2 Qf1 45. Qe5+ Kd7 46. Qe3 Kd6 1/2-1/2

[Event "Perth op"]
[Site "Perth"]
[Date "2016.02.20"]
[Round "1.6"]
[White "James, Christopher"]
[Black "Rutherford, William"]
[Result "1/2-1/2"]
[WhiteElo "1855"]
[BlackElo "2107"]
[PlyCount "49"]
[EventDate "2016.02.19"]
[EventType "swiss"]
[EventRounds "5"]
[EventCountry "SCO"]
[SourceTitle "EXT 2023"]
[Source "ChessBase"]
[SourceDate "2022.10.05"]
[SourceVersion "1"]
[SourceVersionDate "2022.10.05"]
[SourceQuality "1"]

1. e4 c6 2. d4 d5 3. f3 e6 4. Nc3 Nf6 5. Bg5 Be7 6. Qd2 0-0 7. 0-0-0 Nbd7 8. e5 Ne8 9. Bxe7 Qxe7 10. f4 b5 11. Nf3 Nb6 12. g4 b4 13. Nb1 a5 14. h4 Nc4 15. Qf2 a4 16. h5 b3 17. Bxc4 dxc4 18. a3 Nc7 19. c3 Nd5 20. Nfd2 f5 21. g5 Ba6 22. Nf1 Rac8 23. Ne3 Rfd8 24. Nxd5 Rxd5 25. Nd2 1/2-1/2

[Event "Perth op"]
[Site "Perth"]
[Date "2016.02.20"]
[Round "3.14"]
[White "Newton, Andrew"]
[Black "James, Christopher"]
[Result "1-0"]
[WhiteElo "1794"]
[BlackElo "1855"]
[PlyCount "137"]
[EventDate "2016.02.19"]
[EventType "swiss"]
[EventRounds "5"]
[EventCountry "SCO"]
[SourceTitle "EXT 2023"]
[Source "ChessBase"]
[SourceDate "2022.10.05"]
[SourceVersion "1"]
[SourceVersionDate "2022.10.05"]
[SourceQuality "1"]

1. d4 d5 2. c4 e5 3. dxe5 d4 4. Nf3 Nc6 5. a3 Be6 6. b3 g6 7. Bb2 Bg7 8. Nxd4 Bxe5 9. Nxe6 Qxd1+ 10. Kxd1 fxe6 11. Bxe5 Nxe5 12. Nc3 0-0-0+ 13. Ke1 Ne7 14. e3 N7c6 15. b4 Nd3+ 16. Bxd3 Rxd3 17. Ne4 Ne5 18. Ke2 Rhd8 19. Rhc1 h6 20. Rc2 b6 21. h3 g5 22. c5 Rb3 23. cxb6 axb6 24. Nc3 Nd3 25. Raa2 Kb7 26. Ra1 Ne5 27. Ne4 Ra8 28. Rca2 Nc4 29. Nd2 Nxd2 30. Kxd2 c5 31. bxc5 bxc5 32. Rc2 Kb6 33. a4 Ra5 34. Rc4 Rb2+ 35. Rc2 Rb4 36. Rca2 c4 37. Kc3 Kc5 38. Ra3 Rb7 39. R1a2 Rf7 40. f3 Rd7 41. Kc2 Rda7 42. f4 gxf4 43. exf4 Kb4 44. g3 e5 45. f5 e4 46. g4 Rd5 47. Re3 Rad7 48. Re2 Rd3 49. Rb2+ Kc5 50. Rxe4 Rd2+ 51. Kb1 c3 52. Rc2 Kd5 53. Re3 Rd1+ 54. Ka2 Ra7 55. Kb3 Rb1+ 56. Kxc3 Rxa4 57. Rd2+ Kc6 58. Kc2 Rf1 59. Re6+ Kc5 60. Rxh6 Rc4+ 61. Kd3 Rff4 62. Re6 Rf3+ 63. Re3 Rff4 64. Re5+ Kd6 65. Re6+ Kc5 66. Ke3 Rf1 67. Red6 Rcf4 68. R2d5+ Kc4 69. Rd4+ 1-0

[Event "Dundee & Angus op"]
[Site "Dundee"]
[Date "2014.10.11"]
[Round "2"]
[White "James, Christopher"]
[Black "Romilly, Peter J"]
[Result "1/2-1/2"]
[WhiteElo "1848"]
[BlackElo "2096"]
[PlyCount "55"]
[EventDate "2014.10.10"]
[EventType "swiss"]
[EventRounds "5"]
[EventCountry "SCO"]
[SourceTitle "EXT 2017"]
[Source "ChessBase"]
[SourceDate "2016.10.25"]
[SourceVersion "1"]
[SourceVersionDate "2016.10.25"]
[SourceQuality "1"]

1. e4 e5 2. Nc3 Nf6 3. f4 d5 4. fxe5 Nxe4 5. Qf3 Nxc3 6. bxc3 Be7 7. d4 0-0 8. Bd3 c5 9. Ne2 c4 10. Bf5 Bxf5 11. Qxf5 Qd7 12. Qxd7 Nxd7 13. Rb1 Nb6 14. Nf4 Rfd8 15. 0-0 Rd7 16. Bd2 Bg5 17. Rf2 Bxf4 18. Rxf4 Re8 19. Rff1 Re6 20. Rb4 Nc8 21. Rfb1 b6 22. a4 a6 23. Rf1 h6 24. Rbb1 Ne7 25. Rbe1 Ng6 26. Bc1 Ne7 27. Ba3 Nc8 28. g3 1/2-1/2

[Event "Dundee & Angus op"]
[Site "Dundee"]
[Date "2014.10.11"]
[Round "4"]
[White "James, Christopher"]
[Black "Underwood, James Robert"]
[Result "1/2-1/2"]
[WhiteElo "1848"]
[BlackElo "1568"]
[PlyCount "59"]
[EventDate "2014.10.10"]
[EventType "swiss"]
[EventRounds "5"]
[EventCountry "SCO"]
[SourceTitle "EXT 2017"]
[Source "ChessBase"]
[SourceDate "2016.10.25"]
[SourceVersion "1"]
[SourceVersionDate "2016.10.25"]
[SourceQuality "1"]

1. e4 e5 2. Nc3 Nc6 3. f4 Bc5 4. Nf3 d6 5. Bb5 Nge7 6. Na4 Bb6 7. Nxb6 axb6 8. 0-0 0-0 9. d4 Nxd4 10. Nxd4 exd4 11. Qxd4 c6 12. Bd3 d5 13. Qf2 dxe4 14. Bxe4 Bf5 15. Re1 Re8 16. Bd2 Qc7 17. Bxf5 Nxf5 18. Bc3 f6 19. a3 Nd6 20. Qf3 Rad8 21. Rad1 Nb5 22. Rxe8+ Rxe8 23. Be1 Kf8 24. Bf2 c5 25. Qd3 Nd4 26. Bxd4 cxd4 27. Qxh7 Qxf4 28. Qh8+ Kf7 29. Qh5+ Kf8 30. Qh8+ 1/2-1/2

[Event "Glenrothes op"]
[Site "Glenrothes"]
[Date "2013.03.16"]
[Round "3"]
[White "James, Christopher"]
[Black "Tate, Alan"]
[Result "0-1"]
[WhiteElo "1989"]
[BlackElo "2271"]
[PlyCount "92"]
[EventDate "2013.03.15"]
[EventType "swiss"]
[EventRounds "5"]
[EventCountry "SCO"]
[SourceTitle "EXT 2023"]
[Source "ChessBase"]
[SourceDate "2022.10.05"]
[SourceVersion "1"]
[SourceVersionDate "2022.10.05"]
[SourceQuality "1"]

1. e4 g6 2. d4 Bg7 3. Be3 d6 4. Nc3 a6 5. f4 b5 6. Be2 Nd7 7. Nf3 Bb7 8. a3 Ngf6 9. e5 Ng4 10. Qd2 Nb6 11. 0-0 0-0 12. Ng5 Nxe3 13. Qxe3 e6 14. Qh3 h6 15. Nxe6 fxe6 16. Qxe6+ Kh7 17. f5 gxf5 18. Rxf5 dxe5 19. Bd3 Qxd4+ 20. Kh1 Kh8 21. Raf1 Qd6 22. Rxf8+ Rxf8 23. Rxf8+ Bxf8 24. Qf5 Qe7 25. Ne4 Bc8 26. Qg6 Qg7 27. Qh5 Bg4 28. Qe8 Bd7 29. Qh5 Nd5 30. g3 Bc6 31. Kg1 Nf6 32. Qe2 Nxe4 33. Bxe4 Bc5+ 34. Kg2 Qg6 35. Bxc6 Qxc6+ 36. Kh3 Qe6+ 37. Kg2 e4 38. Qd2 Bb6 39. c3 e3 40. Qe2 Qe4+ 41. Kh3 Qf5+ 42. g4 Qf2 43. Qd3 Qf3+ 44. Kh4 Qf6+ 45. Kh3 Bc5 46. Qe4 Qe7 0-1

[Event "SCO-ch 119th"]
[Site "Glasgow"]
[Date "2012.07.14"]
[Round "8"]
[White "Noordhoek, Henk P"]
[Black "James, Christopher"]
[Result "1-0"]
[WhiteElo "2095"]
[BlackElo "2028"]
[PlyCount "91"]
[EventDate "2012.07.07"]
[EventType "swiss"]
[EventRounds "9"]
[EventCountry "SCO"]
[SourceTitle "EXT 2023"]
[Source "ChessBase"]
[SourceDate "2022.10.05"]
[SourceVersion "1"]
[SourceVersionDate "2022.10.05"]
[SourceQuality "1"]

1. Nf3 d5 2. g3 Nf6 3. Bg2 Bf5 4. 0-0 c6 5. b3 e6 6. Bb2 Bd6 7. d3 Nbd7 8. Nbd2 Qc7 9. c4 0-0-0 10. Rc1 h6 11. Nd4 dxc4 12. Nxc4 Kb8 13. Nxd6 Qxd6 14. Qd2 g5 15. Rxc6 bxc6 16. Nxc6+ Kc8 17. Nxa7+ Kb8 18. Nc6+ Kc8 19. Qa5 Nb8 20. Nxb8 Qxb8 21. Bxf6 Qc7 22. Qa8+ Kd7 23. Qa4+ Kc8 24. Bxh8 Rxh8 25. Qa8+ Qb8 26. Rc1+ Kd7 27. Qxb8 Rxb8 28. Kf1 Rb6 29. Ke1 e5 30. Kd2 Be6 31. Rc3 Kd6 32. Kc2 f5 33. a4 Bd5 34. Bxd5 Kxd5 35. Rc4 f4 36. g4 h5 37. h3 hxg4 38. hxg4 f3 39. exf3 Rf6 40. Kd2 Rxf3 41. Ke2 Rf6 42. a5 Re6 43. Ra4 Ra6 44. Ke3 Kc5 45. Ke4 Rf6 46. a6 1-0

[Event "SCO-ch 119th"]
[Site "Glasgow"]
[Date "2012.07.13"]
[Round "7"]
[White "James, Christopher"]
[Black "Jelfs, Alan"]
[Result "1-0"]
[WhiteElo "2028"]
[BlackElo "1852"]
[PlyCount "113"]
[EventDate "2012.07.07"]
[EventType "swiss"]
[EventRounds "9"]
[EventCountry "SCO"]
[SourceTitle "CBM 149 Extra"]
[Source "ChessBase"]
[SourceDate "2012.08.24"]
[SourceVersion "1"]
[SourceVersionDate "2012.08.24"]
[SourceQuality "1"]

1. e4 e5 2. f4 Bc5 3. Nf3 d6 4. c3 Nf6 5. d4 Bb6 6. Bd3 Qe7 7. fxe5 dxe5 8. Nxe5 Nbd7 9. Nxd7 Bxd7 10. 0-0 0-0-0 11. Bg5 h6 12. Bxf6 gxf6 13. Qf3 Rhg8 14. Qxf6 Qxf6 15. Rxf6 Bh3 16. g3 h5 17. Na3 c5 18. Nc4 Bc7 19. e5 cxd4 20. Bf5+ Bxf5 21. Rxf5 dxc3 22. bxc3 h4 23. Kg2 Rd3 24. Rf3 Rd5 25. Rxf7 b5 26. Nd6+ Kb8 27. Raf1 h3+ 28. Kxh3 Bxd6 29. exd6 Rxd6 30. Rf8+ Rxf8 31. Rxf8+ Kc7 32. Rf2 Rc6 33. Rf3 Rc4 34. g4 Ra4 35. Rf2 Ra3 36. Rc2 b4 37. Kh4 bxc3 38. g5 Ra4+ 39. Kh5 Rc4 40. g6 Kd6 41. g7 Rc8 42. Kh6 Ke5 43. Kh7 Kd4 44. g8Q Rxg8 45. Kxg8 Kd3 46. Rxc3+ Kxc3 47. h4 a5 48. h5 a4 49. h6 a3 50. h7 Kb2 51. h8Q+ Kxa2 52. Qh2+ Kb1 53. Qg1+ Kb2 54. Qf2+ Kb1 55. Qe1+ Kb2 56. Qb4+ Ka2 57. Kf7 1-0

[Event "SCO-ch 119th"]
[Site "Glasgow"]
[Date "2012.07.07"]
[Round "1"]
[White "James, Christopher"]
[Black "Schmerwitz, Reinhard"]
[Result "1/2-1/2"]
[WhiteElo "2028"]
[BlackElo "1874"]
[PlyCount "101"]
[EventDate "2012.07.07"]
[EventType "swiss"]
[EventRounds "9"]
[EventCountry "SCO"]
[SourceTitle "CBM 149 Extra"]
[Source "ChessBase"]
[SourceDate "2012.08.24"]
[SourceVersion "1"]
[SourceVersionDate "2012.08.24"]
[SourceQuality "1"]

1. e4 c5 2. Nf3 d6 3. d4 cxd4 4. Nxd4 Nf6 5. Nc3 Nc6 6. Bg5 e6 7. Qd2 a6 8. 0-0-0 Bd7 9. f4 b5 10. Bxf6 gxf6 11. Nxc6 Bxc6 12. Bd3 Qb6 13. Rhe1 0-0-0 14. Qe2 h5 15. g3 Kb8 16. Nb1 Be7 17. Nd2 Ka7 18. Kb1 Rc8 19. Nf3 d5 20. e5 f5 21. h4 Bc5 22. Rf1 d4 23. Ng5 Rc7 24. Rf2 Bd5 25. Qd2 a5 26. Rh2 Bb4 27. Qe2 Rb8 28. Qxh5 Qc5 29. Nf3 Ba3 30. c3 dxc3 31. b3 a4 32. Ne1 axb3 33. axb3 Qb4 34. Bc2 Bxb3 35. Nd3 Qa4 36. Qe2 Bxc2+ 37. Qxc2 Qxc2+ 38. Kxc2 Be7 39. Ra1+ Kb6 40. Rhh1 b4 41. Kb3 Kc6 42. Ra4 Rcb7 43. h5 Kd5 44. Rd1 Ke4 45. Nf2+ Ke3 46. Rd3+ Kxf2 47. Ra2+ Ke1 48. Re3+ Kf1 49. Rf3+ Kg1 50. Re3 Kf1 51. Rf3+ 1/2-1/2

[Event "Dundee & Angus op"]
[Site "Dundee"]
[Date "2011.10.15"]
[Round "3"]
[White "James, Christopher"]
[Black "Rocks, Daniel"]
[Result "0-1"]
[WhiteElo "1714"]
[BlackElo "2056"]
[PlyCount "100"]
[EventDate "2011.10.14"]
[EventType "swiss"]
[EventRounds "5"]
[EventCountry "SCO"]
[SourceTitle "EXT 2017"]
[Source "ChessBase"]
[SourceDate "2016.10.25"]
[SourceVersion "1"]
[SourceVersionDate "2016.10.25"]
[SourceQuality "1"]

1. e4 c5 2. Nf3 g6 3. d4 cxd4 4. Nxd4 Nc6 5. Nc3 Bg7 6. Be3 Nf6 7. f3 0-0 8. Qd2 d5 9. 0-0-0 dxe4 10. Nxc6 Qxd2+ 11. Rxd2 bxc6 12. Nxe4 Nxe4 13. fxe4 Rb8 14. c3 Be6 15. Be2 Bxa2 16. b4 Be6 17. Kc2 a5 18. Bc5 Bf6 19. Rb1 axb4 20. Bxb4 c5 21. Bxc5 Rxb1 22. Kxb1 Bxc3 23. Rc2 Bf6 24. Bc4 Ra8 25. Kc1 Bxc4 26. Rxc4 Rc8 27. Kd2 Be5 28. Kd3 Bd6 29. Bxd6 Rd8 30. e5 exd6 31. Rd4 d5 32. Rb4 Ra8 33. Rb2 Ra4 34. g3 Re4 35. Rb8+ Kg7 36. Re8 h5 37. h3 g5 38. Rd8 Rxe5 39. Kd4 Re1 40. Rxd5 Rd1+ 41. Ke4 Rxd5 42. Kxd5 f5 43. Kd4 Kf6 44. Ke3 Ke5 45. Kf3 f4 46. Kf2 Ke4 47. gxf4 gxf4 48. Ke2 f3+ 49. Ke1 Kf4 50. h4 Kg3 0-1